[Event "Quebec op"]
[Site "Montreal CAN"]
[Date "1998.07.30"]
[Round "7"]
[White "Prahov, Valentin"]
[Black "Levtchouk, George"]
[Result "1-0"]
[WhiteElo "2235"]
[BlackElo "2346"]
[PlyCount "139"]
[GameId "2160767911872613"]
[EventDate "1998.07.25"]
[EventType "swiss"]
[EventRounds "9"]
[EventCountry "CAN"]
[SourceTitle "EXT 2022"]
[Source "ChessBase"]
[SourceDate "2021.10.06"]
[SourceVersion "1"]
[SourceVersionDate "2021.10.06"]
[SourceQuality "1"]

1. e4 g6 2. d4 Bg7 3. Nc3 d6 4. Nf3 a6 5. a4 b6 6. Be3 e6 7. Qd2 Nd7 8. Bc4 h6 9. O-O Ne7 10. Rad1 Bb7 11. h3 g5 12. Nh2 Ng6 13. f4 gxf4 14. Bxf4 Nxf4 15. Qxf4 Qe7 16. Qg4 Bf6 17. Qh5 O-O-O 18. Ng4 Rdg8 19. Nxf6 Nxf6 20. Qh4 Rg5 21. Qf4 Rhg8 22. Rd2 R5g6 23. Rff2 R8g7 24. Qh4 Qd8 25. Bf1 Rg5 26. Qf4 Nh5 27. Qf3 f5 28. d5 Ng3 29. exf5 Nxf5 30. Ne4 Nh4 31. Qf8 R5g6 32. c4 exd5 33. cxd5 Rg8 34. Qxd8+ Kxd8 35. Kh2 Bc8 36. Rf4 Nf5 37. Bxa6 Bxa6 38. Rxf5 Re8 39. Nc3 Rg7 40. Rdf2 Re3 41. R5f3 Rxf3 42. Rxf3 Ke7 43. g4 Rg5 44. Kg3 Bc8 45. Kf4 Bd7 46. b4 Rg8 47. Re3+ Kf7 48. Re1 c6 49. a5 bxa5 50. bxa5 Rh8 51. dxc6 Bxc6 52. Rb1 Rf8 53. Ne2 Ke7+ 54. Kg3 Rf3+ 55. Kh4 Ra3 56. Nd4 Bd7 57. Rb7 Kd8 58. Nb5 Rxa5 59. Nxd6 h5 60. gxh5 Ra3 61. Nf7+ Kc8 62. Rxd7 Kxd7 63. h6 Ra4+ 64. Kg5 Ra5+ 65. Kg6 Ra3 66. h4 Rg3+ 67. Ng5 Rg1 68. h5 Ra1 69. h7 Ra8 70. Kg7 1-0

[Event "Quebec op"]
[Site "Montreal CAN"]
[Date "1998.07.30"]
[Round "7"]
[White "Reeve, Jeff"]
[Black "Goldenberg, Danny"]
[Result "1/2-1/2"]
[WhiteElo "2189"]
[BlackElo "2263"]
[PlyCount "101"]
[GameId "2160767911872614"]
[EventDate "1998.07.25"]
[EventType "swiss"]
[EventRounds "9"]
[EventCountry "CAN"]
[SourceTitle "EXT 2022"]
[Source "ChessBase"]
[SourceDate "2021.10.06"]
[SourceVersion "1"]
[SourceVersionDate "2021.10.06"]
[SourceQuality "1"]

1. e4 c5 2. Nc3 Nc6 3. f4 g6 4. Nf3 Bg7 5. Bc4 e6 6. f5 Nge7 7. fxe6 fxe6 8. d3 d5 9. Bb3 b5 10. O-O c4 11. dxc4 dxc4 12. Qxd8+ Nxd8 13. Nxb5 cxb3 14. Nc7+ Kd7 15. Nxa8 bxc2 16. Rf2 Bb7 17. Rd2+ Kc8 18. Rxc2+ Nec6 19. Be3 Kb8 20. Nb6 axb6 21. Bxb6 Nf7 22. Rd1 Nfe5 23. Ng5 Bc8 24. a3 Kb7 25. Bc5 Bh6 26. Nf3 Rd8 27. Rxd8 Nxf3+ 28. gxf3 Nxd8 29. Rc3 Bd7 30. Rd3 Kc8 31. b4 Bb5 32. Rd6 Bf4 33. Rb6 Bc6 34. b5 Bb7 35. a4 Bc7 36. a5 Bxb6 37. Bxb6 Kd7 38. Bxd8 Kxd8 39. Kf2 Bc8 40. Kg3 e5 41. f4 Bd7 42. b6 Bc8 43. h4 h6 44. Kf3 Ke7 45. h5 exf4 46. hxg6 Kf6 47. Kxf4 Kxg6 48. e5 Kf7 49. Kg3 Ke6 50. Kh4 Kxe5 51. Kh5 1/2-1/2

[Event "Quebec op"]
[Site "Montreal CAN"]
[Date "1998.07.30"]
[Round "7"]
[White "Rosen, Matthew"]
[Black "Cormos, Eugene"]
[Result "0-1"]
[WhiteElo "1872"]
[BlackElo "2106"]
[PlyCount "71"]
[GameId "2160767911872615"]
[EventDate "1998.07.25"]
[EventType "swiss"]
[EventRounds "9"]
[EventCountry "CAN"]

1. e4 e5 2. Nf3 Nc6 3. Bb5 a6 4. Ba4 Nf6 5. O-O Be7 6. Re1 b5 7. Bb3 d6 8. c3 O-O 9. h3 Na5 10. Bc2 c5 11. d4 cxd4 12. cxd4 Qc7 13. Nbd2 Nc6 14. d5 Nb4 15. Bb1 a5 16. a4 Bd7 17. axb5 Bxb5 18. Ra3 Rfc8 19. Nh2 Qb6 20. Ndf3 Nd7 21. Bg5 Bxg5 22. Nxg5 h6 23. Ngf3 Qd8 24. Ng4 Nf6 25. Nfh2 Rc5 26. Nxf6+ Qxf6 27. Ng4 Qh4 28. Rg3 Bd7 29. Qd2 Kf8 30. Qe3 Re8 31. Rc1 Rxc1+ 32. Qxc1 Rc8 33. Qe3 Qg5 34. Qb6 Qc1+ 35. Kh2 Qc5 36. Nxe5 0-1

[Event "Quebec op"]
[Site "Montreal CAN"]
[Date "1998.07.30"]
[Round "7"]
[White "Sarwer, Jeff"]
[Black "Beaulieu, Eric"]
[Result "0-1"]
[WhiteElo "2264"]
[BlackElo "2043"]
[PlyCount "66"]
[GameId "2160767911872616"]
[EventDate "1998.07.25"]
[EventType "swiss"]
[EventRounds "9"]
[EventCountry "CAN"]
[SourceTitle "EXT 2022"]
[Source "ChessBase"]
[SourceDate "2021.10.06"]
[SourceVersion "1"]
[SourceVersionDate "2021.10.06"]
[SourceQuality "1"]

1. d4 Nf6 2. c4 e6 3. Nc3 d5 4. Nf3 Be7 5. e3 O-O 6. Qc2 c5 7. cxd5 exd5 8. Be2 Nc6 9. O-O Nb4 10. Qb1 g6 11. Bd3 c4 12. Bc2 Nxc2 13. Qxc2 Bf5 14. Qd1 Ne4 15. Ne1 Bb4 16. Nxe4 Bxe4 17. Bd2 Bd6 18. Qe2 Re8 19. f3 Bf5 20. e4 dxe4 21. fxe4 Rxe4 22. Qxc4 Rxd4 23. Qxd4 Bxh2+ 24. Kxh2 Qxd4 25. Bc3 Qh4+ 26. Kg1 Re8 27. Nf3 Qg3 28. Rae1 Be4 29. Re2 f5 30. Rfe1 Kf7 31. Nd2 Bxg2 32. Nf1 Bxf1+ 33. Kxf1 Qf3+ 0-1

[Event "Quebec op"]
[Site "Montreal CAN"]
[Date "1998.07.30"]
[Round "7"]
[White "Soudre, Nicolas"]
[Black "McDonough, Jonathan"]
[Result "1-0"]
[WhiteElo "2016"]
[BlackElo "1889"]
[PlyCount "105"]
[GameId "2160767911872617"]
[EventDate "1998.07.25"]
[EventType "swiss"]
[EventRounds "9"]
[EventCountry "CAN"]
[SourceTitle "EXT 2022"]
[Source "ChessBase"]
[SourceDate "2021.10.06"]
[SourceVersion "1"]
[SourceVersionDate "2021.10.06"]
[SourceQuality "1"]

1. e4 c6 2. d4 d5 3. e5 Bf5 4. c4 dxc4 5. Bxc4 e6 6. Nc3 Nd7 7. Nge2 Nb6 8. Bb3 Ne7 9. Ng3 Bg6 10. O-O Nf5 11. Nxf5 exf5 12. d5 cxd5 13. Nxd5 Be7 14. Ba4+ Kf8 15. Nxe7 Qxe7 16. Bb3 h6 17. Qf3 Rc8 18. Bf4 Kg8 19. Rfe1 Rc6 20. Rac1 Rxc1 21. Rxc1 Kh7 22. h3 Rd8 23. Re1 Rd4 24. Rd1 Qd7 25. Rxd4 Qxd4 26. Qe3 Qe4 27. Qxe4 fxe4 28. Kf1 Nd7 29. Bd5 b6 30. b4 e3 31. Bxe3 Bd3+ 32. Ke1 Kg6 33. Kd2 Bf1 34. Ke1 Bb5 35. g4 Bd3 36. Kd2 Bb1 37. Kc1 Bd3 38. Kd2 Bb1 39. Kc3 Nf8 40. Bc4 Ne6 41. Bd3+ Bxd3 42. Kxd3 h5 43. Ke4 Nc7 44. a4 h4 45. a5 Ne6 46. axb6 axb6 47. Kd5 Nc7+ 48. Kc6 Na6 49. b5 Nc5 50. Kxb6 Ne4 51. Kc6 Nxf2 52. b6 Nxh3 53. b7 1-0

[Event "Quebec op"]
[Site "Montreal CAN"]
[Date "1998.07.30"]
[Round "7"]
[White "Wolrich, Charles"]
[Black "Michaud, Gerald"]
[Result "1-0"]
[WhiteElo "2135"]
[BlackElo "1861"]
[PlyCount "121"]
[GameId "2160767911872618"]
[EventDate "1998.07.25"]
[EventType "swiss"]
[EventRounds "9"]
[EventCountry "CAN"]
[SourceTitle "EXT 2022"]
[Source "ChessBase"]
[SourceDate "2021.10.06"]
[SourceVersion "1"]
[SourceVersionDate "2021.10.06"]
[SourceQuality "1"]

1. d4 e6 2. c4 Nf6 3. Nc3 Bb4 4. Qc2 c5 5. dxc5 Nc6 6. e3 Bxc5 7. a3 a5 8. Nf3 O-O 9. Bd3 d6 10. O-O h6 11. b3 e5 12. Bb2 Ne7 13. Nh4 Bd7 14. Nf5 Nxf5 15. Bxf5 Bxf5 16. Qxf5 Qc8 17. Qxc8 Raxc8 18. Rfd1 Rfd8 19. Rd2 Kf8 20. Rad1 Ke7 21. Kf1 g6 22. Ke2 Ke6 23. Nd5 Nxd5 24. Rxd5 Re8 25. Bc3 Bxa3 26. Rxa5 Bc5 27. Rb5 Re7 28. Ra1 Rc6 29. Ra8 Ra6 30. Rxa6 bxa6 31. Rb8 Ba7 32. Rb4 Bc5 33. Ra4 Ra7 34. Kd2 f5 35. Ra2 Ke7 36. Ra4 Kd7 37. Ba5 Kc6 38. Kc3 Bb6 39. b4 h5 40. h4 Rc7 41. Bxb6 Kxb6 42. Ra5 Rc6 43. Rd5 Kc7 44. f4 exf4 45. exf4 Kd7 46. Rd3 Ke6 47. Re3+ Kf7 48. Re2 Rc7 49. Kb3 Kf6 50. b5 axb5 51. cxb5 Rc1 52. Re3 d5 53. Kb4 Rc4+ 54. Ka5 d4 55. Re5 Rc2 56. Rd5 Rxg2 57. Rxd4 Ke6 58. b6 Ra2+ 59. Kb5 Ra8 60. b7 Rb8 61. Kc6 1-0

[Event "Quebec op"]
[Site "Montreal CAN"]
[Date "1998.07.31"]
[Round "7"]
[White "Archangelsky, Mikhail"]
[Black "Hua, Lefong"]
[Result "1/2-1/2"]
[WhiteElo "2275"]
[BlackElo "2250"]
[PlyCount "42"]
[GameId "2160767911872620"]
[EventDate "1998.07.25"]
[EventType "swiss"]
[EventRounds "9"]
[EventCountry "CAN"]
[SourceTitle "EXT 1999"]
[Source "ChessBase"]
[SourceDate "1998.11.10"]
[SourceVersion "1"]
[SourceVersionDate "1998.11.10"]
[SourceQuality "1"]

1. d4 Nf6 2. c4 c5 3. dxc5 e6 4. Nf3 Bxc5 5. e3 O-O 6. a3 b6 7. b4 Be7 8. Bb2 Bb7 9. Nbd2 d5 10. Be2 Nbd7 11. O-O dxc4 12. Nxc4 Ne4 13. Nd4 Bd5 14. f3 Nd6 15. Nc6 Bxc6 16. Nxd6 Nf6 17. Nc4 Qxd1 18. Rfxd1 Ba4 19. Rd2 Rfd8 20. Rxd8+ Rxd8 21. Bd4 Nd5 1/2-1/2

[Event "Quebec op"]
[Site "Montreal CAN"]
[Date "1998.07.31"]
[Round "7"]
[White "Drozdov, Igor"]
[Black "Kosic, Dragan"]
[Result "1/2-1/2"]
[WhiteElo "2440"]
[BlackElo "2500"]
[PlyCount "105"]
[GameId "2160767911872621"]
[EventDate "1998.07.25"]
[EventType "swiss"]
[EventRounds "9"]
[EventCountry "CAN"]
[SourceTitle "EXT 1999"]
[Source "ChessBase"]
[SourceDate "1998.11.10"]
[SourceVersion "1"]
[SourceVersionDate "1998.11.10"]
[SourceQuality "1"]

1. e4 e6 2. Nf3 d5 3. Nc3 dxe4 4. Nxe4 Nd7 5. d4 Ngf6 6. Bd3 c5 7. Nxf6+ Nxf6 8. dxc5 Bxc5 9. O-O Qc7 10. Bg5 Bd7 11. Qe2 Bd6 12. Bxf6 gxf6 13. Bb5 O-O-O 14. Bxd7+ Rxd7 15. Rfd1 Rhd8 16. Rd3 Qb6 17. Rb3 Qa5 18. Qb5 Qxb5 19. Rxb5 a6 20. Rb3 Rc7 21. Ne1 Be5 22. Rb1 Rd2 23. Rf3 f5 24. c3 Rcd7 25. Kf1 Bc7 26. Re3 Bxh2 27. Nf3 Bf4 28. Nxd2 Bxe3 29. Nf3 Bb6 30. Ke2 f6 31. g3 Kd8 32. Rh1 Rg7 33. Rh4 Bc7 34. Rh6 Ke7 35. Rh4 Bd6 36. Ke3 e5 37. Rh5 Ke6 38. Nh4 f4+ 39. gxf4 exf4+ 40. Kf3 Be5 41. Ng2 Rd7 42. Nxf4+ Bxf4 43. Kxf4 Rd2 44. Ke3 Rxb2 45. Rxh7 b5 46. a4 bxa4 47. Rh4 a3 48. Ra4 a2 49. f3 Kd5 50. Kd3 f5 51. Ra5+ Kc6 52. Rxa6+ Kb5 53. Ra8 1/2-1/2

[Event "Quebec op"]
[Site "Montreal CAN"]
[Date "1998.07.31"]
[Round "7"]
[White "Leveille, Francois"]
[Black "Tansky, Alexandr"]
[Result "1-0"]
[WhiteElo "2295"]
[BlackElo "2040"]
[PlyCount "71"]
[GameId "2160767911872626"]
[EventDate "1998.07.25"]
[EventType "swiss"]
[EventRounds "9"]
[EventCountry "CAN"]
[SourceTitle "EXT 1999"]
[Source "ChessBase"]
[SourceDate "1998.11.10"]
[SourceVersion "1"]
[SourceVersionDate "1998.11.10"]
[SourceQuality "1"]

1. e4 e5 2. Nf3 d6 3. d4 Nd7 4. Bc4 c6 5. O-O Be7 6. dxe5 dxe5 7. Ng5 Bxg5 8. Qh5 Nh6 9. Bxg5 Nf6 10. Qh4 Rg8 11. h3 Qe7 12. Bb3 Be6 13. Rd1 Rh8 14. c3 Nhg8 15. Na3 h6 16. Rd3 Rh7 17. Bxf6 Nxf6 18. f3 g5 19. Qf2 h5 20. Bxe6 Qxe6 21. Qd2 g4 22. Rd1 Kf8 23. Rd6 Qe7 24. Nc4 gxh3 25. Qg5 Ne8 26. Qxe7+ Kxe7 27. Rd7+ Ke6 28. Rxb7 Rg7 29. Rdd7 Rxg2+ 30. Kh1 Rg7 31. Kh2 Kf6 32. Kxh3 h4 33. Rxa7 Rxa7 34. Rxa7 Rg3+ 35. Kxh4 Rxf3 36. Rxf7+ 1-0

[Event "Quebec op"]
[Site "Montreal CAN"]
[Date "1998.07.31"]
[Round "7"]
[White "Nataf, Igor A"]
[Black "Linskiy, Oleg"]
[Result "1/2-1/2"]
[WhiteElo "2485"]
[BlackElo "2375"]
[PlyCount "53"]
[GameId "2160767911872627"]
[EventDate "1998.07.25"]
[EventType "swiss"]
[EventRounds "9"]
[EventCountry "CAN"]
[SourceTitle "EXT 1999"]
[Source "ChessBase"]
[SourceDate "1998.11.10"]
[SourceVersion "1"]
[SourceVersionDate "1998.11.10"]
[SourceQuality "1"]

1. e4 e5 2. Nf3 d6 3. d4 Nf6 4. dxe5 Nxe4 5. Qd5 Nc5 6. Bg5 Be7 7. exd6 Qxd6 8. Nc3 h6 9. Be3 c6 10. Qxd6 Bxd6 11. O-O-O Be7 12. Bc4 Nba6 13. Rhe1 Be6 14. Be2 O-O 15. Nd4 Nc7 16. Nxe6 N7xe6 17. Bc4 Bf6 18. Bxe6 Nxe6 19. Ne4 Be5 20. Nd6 b6 21. Nf5 Bf6 22. Rd7 Rfd8 23. Red1 Kf8 24. Rb7 Be5 25. Rdd7 Rxd7 26. Rxd7 Bc7 27. c3 1/2-1/2

[Event "Quebec op"]
[Site "Montreal CAN"]
[Date "1998.07.31"]
[Round "8"]
[White "Beaulieu, Eric"]
[Black "Constantineau, Yvan"]
[Result "1-0"]
[WhiteElo "2043"]
[BlackElo "2165"]
[PlyCount "123"]
[GameId "2160767911872630"]
[EventDate "1998.07.25"]
[EventType "swiss"]
[EventRounds "9"]
[EventCountry "CAN"]
[SourceTitle "EXT 2022"]
[Source "ChessBase"]
[SourceDate "2021.10.06"]
[SourceVersion "1"]
[SourceVersionDate "2021.10.06"]
[SourceQuality "1"]

1. d4 d5 2. c4 e6 3. Nc3 c5 4. cxd5 exd5 5. Nf3 Nc6 6. g3 c4 7. Bg2 Bb4 8. O-O Nge7 9. a3 Ba5 10. e4 dxe4 11. Nxe4 O-O 12. Ned2 c3 13. Nc4 Bf5 14. b4 Bb6 15. Be3 Nd5 16. Nh4 Be6 17. Qd3 Rc8 18. Nxb6 Qxb6 19. Bxd5 Bxd5 20. Rfc1 Ne7 21. Rxc3 Rxc3 22. Qxc3 Qf6 23. Bf4 g5 24. Be5 Qh6 25. Qe3 Qh5 26. Bf6 gxh4 27. Bxe7 Re8 28. Qg5+ Qxg5 29. Bxg5 h3 30. Be3 b5 31. Kf1 Kg7 32. Ke2 Kg6 33. Rc1 Bc4+ 34. Kf3 h5 35. g4 h4 36. Kf4 f6 37. f3 a6 38. Re1 Rd8 39. Bf2 a5 40. Rd1 axb4 41. axb4 Bd5 42. Bxh4 Ra8 43. Rd3 Ra2 44. Kg3 Rb2 45. f4 Rxb4 46. f5+ Kf7 47. Kxh3 Ra4 48. Rc3 Bc4 49. d5 Ra6 50. Bg3 Bxd5 51. Rc7+ Ke8 52. Be1 Ra4 53. Bc3 Bf3 54. Rb7 b4 55. Bxf6 b3 56. Kg3 Bd1 57. g5 Rg4+ 58. Kh3 Rf4 59. g6 Rxf5 60. Rb8+ Kd7 61. Rd8+ Ke6 62. g7 1-0

[Event "Quebec op"]
[Site "Montreal CAN"]
[Date "1998.07.31"]
[Round "8"]
[White "Clement, Michel"]
[Black "Gravel, Simon jr"]
[Result "1/2-1/2"]
[WhiteElo "2075"]
[BlackElo "1949"]
[PlyCount "90"]
[GameId "2160767911872631"]
[EventDate "1998.07.25"]
[EventType "swiss"]
[EventRounds "9"]
[EventCountry "CAN"]
[SourceTitle "EXT 2022"]
[Source "ChessBase"]
[SourceDate "2021.10.06"]
[SourceVersion "1"]
[SourceVersionDate "2021.10.06"]
[SourceQuality "1"]

1. e4 e6 2. d4 d5 3. Nc3 Bb4 4. Bd3 c5 5. Nf3 Nc6 6. a3 Bxc3+ 7. bxc3 c4 8. Be2 Nf6 9. exd5 exd5 10. O-O Ne4 11. Bd2 O-O 12. a4 Qa5 13. Ra3 b5 14. Qa1 Nxd2 15. Nxd2 Nxd4 16. cxd4 Qxd2 17. Bf3 b4 18. Bxd5 bxa3 19. Bxa8 Qxc2 20. Qxa3 Bd7 21. Bd5 Bxa4 22. Qe7 a6 23. Re1 c3 24. h3 Qd2 25. Rb1 Bb5 26. Qe3 c2 27. Rc1 Qxe3 28. fxe3 Bd3 29. Kf2 Rb8 30. Ke1 Kf8 31. Kd2 Rb1 32. g3 Ke7 33. Bc6 Bf5 34. g4 Kd6 35. Ba4 Rxc1 36. Kxc1 Be6 37. Bxc2 h5 38. Bd1 hxg4 39. hxg4 Bd7 40. Kb2 a5 41. Bf3 f5 42. gxf5 Bxf5 43. Ka3 Bd7 44. e4 g5 45. e5+ Ke6 1/2-1/2

[Event "Quebec op"]
[Site "Montreal CAN"]
[Date "1998.07.31"]
[Round "8"]
[White "Cormos, Eugene"]
[Black "Pnevmonidis, Pantelis"]
[Result "0-1"]
[WhiteElo "2106"]
[BlackElo "2067"]
[PlyCount "54"]
[GameId "2160767911872632"]
[EventDate "1998.07.25"]
[EventType "swiss"]
[EventRounds "9"]
[EventCountry "CAN"]

1. e4 c5 2. c3 Nf6 3. e5 Nd5 4. d4 cxd4 5. cxd4 Nc6 6. Nf3 d6 7. Bc4 Nb6 8. Bb5 dxe5 9. Nxe5 Bd7 10. Nxc6 Bxc6 11. Bxc6+ bxc6 12. Nc3 g6 13. O-O Bg7 14. Be3 O-O 15. Re1 e6 16. Qf3 Nc4 17. Qe2 Nxe3 18. fxe3 e5 19. dxe5 Bxe5 20. Qc4 Rb8 21. Re2 Qd6 22. Rd1 Bxh2+ 23. Kh1 Qe5 24. Qxc6 Rb4 25. Nd5 Rh4 26. Qf6 Bg3+ 27. Kg1 Rh1+ 0-1

[Event "Quebec op"]
[Site "Montreal CAN"]
[Date "1998.07.31"]
[Round "8"]
[White "Drolet, Stephane"]
[Black "McDonough, Jonathan"]
[Result "0-1"]
[WhiteElo "1848"]
[BlackElo "1889"]
[PlyCount "106"]
[GameId "2160767911872633"]
[EventDate "1998.07.25"]
[EventType "swiss"]
[EventRounds "9"]
[EventCountry "CAN"]
[SourceTitle "EXT 2022"]
[Source "ChessBase"]
[SourceDate "2021.10.06"]
[SourceVersion "1"]
[SourceVersionDate "2021.10.06"]
[SourceQuality "1"]

1. d4 Nf6 2. c4 g6 3. Nc3 Bg7 4. e4 d6 5. Be2 O-O 6. Nf3 e5 7. O-O Nc6 8. d5 Ne7 9. Ne1 Ne8 10. Nd3 f5 11. f3 b6 12. Bd2 a5 13. a3 f4 14. g4 g5 15. Be1 h5 16. h3 Bd7 17. b4 axb4 18. axb4 Nf6 19. c5 Kf7 20. Rxa8 Qxa8 21. c6 Be8 22. Qb3 Kg6 23. Bf2 Bf7 24. Nb5 Qd8 25. Kg2 Rh8 26. Rh1 Rh6 27. Qb1 Qc8 28. Nb2 Kh7 29. Nc4 Ne8 30. Nc3 Kh8 31. Qa2 Nf6 32. Qa7 Nexd5 33. Qb7 Qg8 34. exd5 Qh7 35. Qc8+ Bg8 36. Qf5 Qxf5 37. gxf5 Nxd5 38. Nxd5 Bxd5 39. b5 e4 40. Rc1 g4 41. fxe4 Bxe4+ 42. Kg1 Bxf5 43. Rd1 Re6 44. Bd3 Bxd3 45. Rxd3 Re4 46. Na3 g3 47. Bxb6 cxb6 48. c7 Re1+ 49. Kg2 Rc1 50. Rxd6 Rxc7 51. Rxb6 Rc3 52. Ra6 Be5 53. Re6 f3+ 0-1

[Event "Quebec op"]
[Site "Montreal CAN"]
[Date "1998.07.31"]
[Round "8"]
[White "Frappier, Clement"]
[Black "Henson, Joshua"]
[Result "1-0"]
[WhiteElo "1867"]
[BlackElo "2140"]
[PlyCount "149"]
[GameId "2160767911872634"]
[EventDate "1998.07.25"]
[EventType "swiss"]
[EventRounds "9"]
[EventCountry "CAN"]
[SourceTitle "EXT 2022"]
[Source "ChessBase"]
[SourceDate "2021.10.06"]
[SourceVersion "1"]
[SourceVersionDate "2021.10.06"]
[SourceQuality "1"]

1. d4 f5 2. c4 g6 3. Nc3 Nf6 4. f3 d5 5. e3 c6 6. Bd3 Bg7 7. Nge2 Be6 8. b3 Bf7 9. O-O Nbd7 10. Qc2 O-O 11. e4 fxe4 12. fxe4 e5 13. cxd5 cxd5 14. dxe5 Nxe5 15. Bg5 Qb6+ 16. Kh1 Nxd3 17. Qxd3 dxe4 18. Qb5 Nd5 19. Rxf7 Qxb5 20. Rxg7+ Kxg7 21. Nxb5 Rf2 22. Nec3 Nxc3 23. Nxc3 Re8 24. Be3 Rc2 25. Bxa7 e3 26. Re1 e2 27. Kg1 Rd8 28. Nxe2 Re8 29. Kf1 Rf8+ 30. Kg1 Re8 31. Bd4+ Kg8 32. Kf2 Rxa2 33. Kf3 Rd2 34. Be3 Rd3 35. Nc1 Rc3 36. Kf2 Rf8+ 37. Ke2 Rc2+ 38. Bd2 Rd8 39. Nd3 Ra2 40. Rd1 Re8+ 41. Kf3 Ra3 42. Rb1 Ra2 43. Rb2 Ra1 44. Bh6 Rd1 45. Nf4 Rf1+ 46. Kg4 Rd1 47. g3 Rd4 48. Rc2 Red8 49. h4 R8d7 50. Rc3 Rd8 51. Kh3 R4d6 52. Rc4 Rd4 53. Rc7 R4d7 54. Rc5 Rd6 55. b4 R8d7 56. b5 Rd8 57. Ng2 Rd5 58. Rxd5 Rxd5 59. b6 Rd6 60. Be3 Re6 61. Kg4 Kf7 62. Kf3 Rc6 63. Nf4 Rd6 64. Ke4 Rd1 65. Nd3 Rb1 66. Ne5+ Kg8 67. Nc4 Rb4 68. Kd5 Rb3 69. Bf4 Rd3+ 70. Kc5 Rc3 71. Bc7 h6 72. Kd4 Rc1 73. Nd6 g5 74. hxg5 hxg5 75. Nxb7 1-0

[Event "Quebec op"]
[Site "Montreal CAN"]
[Date "1998.07.31"]
[Round "8"]
[White "Gagnon, Michel"]
[Black "Regnier, Alain"]
[Result "1-0"]
[WhiteElo "2215"]
[BlackElo "1977"]
[PlyCount "43"]
[GameId "2160767911872635"]
[EventDate "1998.07.25"]
[EventType "swiss"]
[EventRounds "9"]
[EventCountry "CAN"]

1. d4 d5 2. Nf3 c5 3. e3 Nf6 4. b3 Bg4 5. Be2 Nc6 6. Bb2 e6 7. O-O Bxf3 8. Bxf3 cxd4 9. exd4 Bd6 10. Nd2 Qb6 11. c4 Nxd4 12. cxd5 exd5 13. Re1+ Ne6 14. Bxf6 gxf6 15. Bxd5 Bxh2+ 16. Kh1 Be5 17. Bxe6 Bxa1 18. Qxa1 O-O 19. Bh3 Rfe8 20. Ne4 Kg7 21. Re3 Re5 22. Nxf6 1-0

[Event "Quebec op"]
[Site "Montreal CAN"]
[Date "1998.07.31"]
[Round "8"]
[White "Gamback, Bjorn"]
[Black "Tansky, Alexandr"]
[Result "0-1"]
[WhiteElo "2215"]
[BlackElo "2140"]
[PlyCount "100"]
[GameId "2160767911872636"]
[EventDate "1998.07.25"]
[EventType "swiss"]
[EventRounds "9"]
[EventCountry "CAN"]
[SourceTitle "EXT 2022"]
[Source "ChessBase"]
[SourceDate "2021.10.06"]
[SourceVersion "1"]
[SourceVersionDate "2021.10.06"]
[SourceQuality "1"]

1. e4 d6 2. d4 Nd7 3. g3 e5 4. Ne2 Ngf6 5. Bg2 Be7 6. O-O c6 7. c4 Qc7 8. Qc2 h5 9. h3 Nf8 10. Be3 Ng6 11. Nd2 Bd7 12. dxe5 dxe5 13. f4 exf4 14. Nxf4 Ne5 15. Bd4 h4 16. Qc3 Ng6 17. Nxg6 fxg6 18. e5 Nh5 19. Ne4 Nxg3 20. Nxg3 hxg3 21. e6 Bxe6 22. Rae1 Qd6 23. c5 Qd7 24. Qe3 Bf5 25. Bc3 Kf7 26. Bxg7 Rh7 27. Bh6 Bxc5 28. Qxc5 Rxh6 29. Qc4+ Kg7 30. Qc3+ Kh7 31. Qxg3 Rg8 32. Qg5 Rg7 33. Rd1 Qc7 34. Rd8 Qb6+ 35. Kh2 Rf7 36. Rxf5 Qc7+ 37. Re5 Rh5 38. Qg3 Qxe5 39. Qxe5 Rxe5 40. Kg3 Re2 41. h4 Rxb2 42. Be4 Kg7 43. Rd6 Rf6 44. Rd7+ Kh6 45. a3 Rb3+ 46. Bd3 Rxa3 47. h5 Kxh5 48. Rh7+ Kg5 49. Rd7 a5 50. Kg2 Rxd3 0-1

[Event "Quebec op"]
[Site "Montreal CAN"]
[Date "1998.07.31"]
[Round "8"]
[White "Gardner, Robert"]
[Black "Courval, Francois"]
[Result "1-0"]
[WhiteElo "2137"]
[BlackElo "1958"]
[PlyCount "97"]
[GameId "2160767911872637"]
[EventDate "1998.07.25"]
[EventType "swiss"]
[EventRounds "9"]
[EventCountry "CAN"]
[SourceTitle "EXT 2022"]
[Source "ChessBase"]
[SourceDate "2021.10.06"]
[SourceVersion "1"]
[SourceVersionDate "2021.10.06"]
[SourceQuality "1"]

1. e4 c5 2. Nf3 e6 3. d4 cxd4 4. Nxd4 Nf6 5. Bd3 Nc6 6. Nxc6 bxc6 7. e5 Qa5+ 8. Nd2 Qxe5+ 9. Be2 Ba6 10. c4 Bb4 11. O-O Rb8 12. Nf3 Qa5 13. Bf4 Rb7 14. a3 Be7 15. b4 Qf5 16. Bg3 O-O 17. Nd4 Qg5 18. h4 Qh6 19. b5 cxb5 20. cxb5 Bxb5 21. Nxb5 Ne4 22. Nd6 Nxg3 23. Nxb7 Bxh4 24. fxg3 Bxg3 25. Bh5 g6 26. Rf3 Be5 27. Rh3 gxh5 28. Rb1 Rc8 29. Rxh5 Qe3+ 30. Kh1 Rc4 31. Qe1 Qxe1+ 32. Rxe1 Bc3 33. Rc1 Rc7 34. Rh3 Be5 35. Rxc7 Bxc7 36. Rc3 Be5 37. Rc8+ Kg7 38. Ra8 Bd4 39. Nd6 Bc5 40. Nb5 d5 41. a4 e5 42. Nxa7 d4 43. Nc6 Kf6 44. Rd8 Ke6 45. a5 Bd6 46. Kg1 d3 47. Kf1 e4 48. a6 e3 49. Rxd6+ 1-0

[Event "Quebec op"]
[Site "Montreal CAN"]
[Date "1998.07.31"]
[Round "8"]
[White "Goldenberg, Danny"]
[Black "Fillion, Steve"]
[Result "1-0"]
[WhiteElo "2263"]
[BlackElo "2143"]
[PlyCount "125"]
[GameId "2160767911872638"]
[EventDate "1998.07.25"]
[EventType "swiss"]
[EventRounds "9"]
[EventCountry "CAN"]
[SourceTitle "EXT 2022"]
[Source "ChessBase"]
[SourceDate "2021.10.06"]
[SourceVersion "1"]
[SourceVersionDate "2021.10.06"]
[SourceQuality "1"]

1. e4 d5 2. exd5 Qxd5 3. Nc3 Qa5 4. d4 Nf6 5. Nf3 Bf5 6. Bc4 e6 7. Bd2 c6 8. Ne4 Qd8 9. Ng3 Bg6 10. Bb3 b5 11. c3 Nbd7 12. a4 a6 13. O-O Be7 14. Re1 O-O 15. Qe2 Re8 16. Bg5 h6 17. Bh4 Kf8 18. Bc2 Bxc2 19. Bxf6 Bxa4 20. Bxe7+ Qxe7 21. Qd3 Kg8 22. Nd2 c5 23. Nf5 Qf8 24. Ne3 c4 25. Qe2 Nb6 26. Qh5 Rad8 27. Ne4 Qe7 28. f4 Nd5 29. Qf3 Qc7 30. g3 Nxe3 31. Qxe3 a5 32. Rec1 Bb3 33. Nc5 a4 34. Na6 Qb7 35. Nb4 Kf8 36. Re1 Qa8 37. Kf2 Qb7 38. Qe5 Qb6 39. Qe4 Qc7 40. Qh7 f6 41. Re2 Kf7 42. Qe4 Qb6 43. Kf1 Rd6 44. h4 Rd7 45. h5 Qb7 46. Qg6+ Kf8 47. Kf2 Rde7 48. Rae1 Qa8 49. Re3 Qb7 50. Rf1 Qa8 51. g4 Qb7 52. Rfe1 Qa8 53. Qh7 Qb7 54. Rf3 Rf7 55. Qh8+ Ke7 56. Rxe6+ Kxe6 57. Re3+ Kd6 58. Qxe8 Qd7 59. Qb8+ Qc7 60. Qxb5 Qb7 61. Qe8 Qd7 62. Re6+ Kc7 63. Na6+ 1-0